000 00910nam a22001937a 4500
999 _c62622
_d62622
003 Ge_BSU
005 20241219161216.0
008 241219s1966 ge ||||| |||| 00| 0 geo d
041 _ageo
080 _a612.015.32 : 616-008.9 ქ-84
100 _aქუთათელაძე, ელენე
_924012
245 _aნახშირწყლების ცვლა ადამიანის ორგანიზმში ნორმასა და პათოლოგიაში /
_cელენე ქუთათელაძე; რედ. კ. ელიაშვილი.
264 _aთბ. :
_bსაბჭ. საქართველო,
_c1966.
300 _a114 გვ. ;
_b20 სმ.
653 _aნახშირწყლების ცვლა
653 _aმედიცინა
700 _aელიაშვილი, კ.
_922483
942 _2udc
_cᲬᲘᲒᲜᲘ